[Event "New York 1924 Centennial"]
[Site "New York"]
[Date "2024.07.18"]
[Round "2"]
[White "Barbosa, Oliver"]
[Black "Girsh, Daniel"]
[Result "1-0"]
[WhiteElo "2482"]
[BlackElo "2206"]
[PlyCount "81"]
[EventDate "2024.07.17"]
[EventType "swiss"]
[EventRounds "9"]
[EventCountry "USA"]
[SourceTitle "CBM 221 Extra"]
[Source "ChessBase"]
[SourceDate "2024.09.30"]
[SourceVersion "1"]
[SourceVersionDate "2024.09.30"]
[SourceQuality "1"]

1. Nf3 d5 2. d4 Nf6 3. g3 e6 4. Bg2 Be7 5. 0-0 0-0 6. c4 dxc4 7. Qa4 a6 8. Qxc4 b5 9. Qc2 Bb7 10. Bf4 Nc6 11. Nc3 Nb4 12. Qc1 Qc8 13. a4 c6 14. Qb1 Nbd5 15. Nxd5 exd5 16. Rc1 h6 17. Nd2 Qe6 18. Nb3 Rfe8 19. Na5 Qd7 20. axb5 axb5 21. Qc2 Bb4 22. Nxb7 Rxa1 23. Rxa1 Qxb7 24. Rc1 Qa8 25. h4 Re7 26. e3 Ra7 27. Qxc6 Qxc6 28. Rxc6 Ra1+ 29. Bf1 Ne4 30. Kg2 g5 31. Be5 gxh4 32. gxh4 Rd1 33. f3 Rd2+ 34. Kg1 f6 35. Bf4 Nf2 36. e4 Rxb2 37. exd5 Kf7 38. Rc7+ Kg6 39. d6 Ba5 40. d7 Bxc7 41. Bxc7 1-0

[Event "New York 1924 Centennial"]
[Site "New York"]
[Date "2024.07.17"]
[Round "1"]
[White "Girsh, Daniel"]
[Black "Khamrakulov, Djurabek"]
[Result "1/2-1/2"]
[WhiteElo "2206"]
[BlackElo "2491"]
[PlyCount "59"]
[EventDate "2024.07.17"]
[EventType "swiss"]
[EventRounds "9"]
[EventCountry "USA"]
[SourceTitle "CBM 221 Extra"]
[Source "ChessBase"]
[SourceDate "2024.09.30"]
[SourceVersion "1"]
[SourceVersionDate "2024.09.30"]
[SourceQuality "1"]

1. e4 c6 2. d4 d5 3. e5 Bf5 4. h4 h5 5. Bd3 Bxd3 6. Qxd3 Qa5+ 7. Nd2 e6 8. Ngf3 Ne7 9. 0-0 Nf5 10. Nb3 Qb5 11. Qd1 c5 12. a4 Qb6 13. dxc5 Bxc5 14. Nxc5 Qxc5 15. c3 Nc6 16. Bg5 Rc8 17. Re1 a6 18. Nd2 Qb6 19. b3 Nb8 20. c4 d4 21. b4 Qxb4 22. Rb1 Qa5 23. Rxb7 Nc6 24. Ne4 Nxe5 25. Bd2 Qd8 26. Bg5 Qa5 27. Bd2 Qd8 28. Ng5 Nd7 29. Qf3 Ne5 30. Qd1 1/2-1/2